Regatta Lepa XVI Semporna, Sabah : 18-19hb April 2009 [DVD]

Bibliographic Details
Corporate Authors: Kementerian Penerangan, Komunikasi dan Kebudayaan Malaysia, DiGi, Jabatan Kebudayaan dan Kesenian Negara, Kerajaan negeri Sabah, Sabah Tourism
Format: Book
Published: Kuala Lumpur : Kementerian Penerangan, Komunikasi dan Kebudayaan Malaysia , 2009
Subjects:

MARC

LEADER 00000cam a2200000 7i4500
001 0000046453
005 20150330.0
008 150330
090 0 0 |a DVD   |b 255 
110 1 |a Kementerian Penerangan, Komunikasi dan Kebudayaan Malaysia 
245 1 0 |a Regatta Lepa XVI Semporna, Sabah :   |b 18-19hb April 2009 [DVD] 
260 |a Kuala Lumpur :   |b Kementerian Penerangan, Komunikasi dan Kebudayaan Malaysia ,   |c 2009 
300 |a 1 DVD ;   |c 4 3/4in. 
650 0 |a Folk Dancing   |x Malay 
650 0 |a Sabah   |x Ethnic   |x Tradition 
710 1 |a DiGi 
710 1 |a Jabatan Kebudayaan dan Kesenian Negara 
710 1 |a Kerajaan negeri Sabah 
710 1 |a Sabah Tourism 
999 |a 0001349240   |b Digital Video Disc   |c Adult Collection   |e Perbadanan Perpustakaan Awam Johor